Predaj a darovanie cenných papierov a dane z príjmov a darovania
Druhy cenných papierov. Prevod cenných papierov (kúpa alebo darovanie). Odplatný prevod cenných papierov - predaj. Daňová povinnosť súvisiaca s predajom cenných papierov. Bezodplatný prevod cenných papierov, resp. darovanie. Daňová povinnosť. Oslobodenie od dane z darovania.
Na minha lista:
| Autor principal: | |
|---|---|
| Formato: | Capítulo de Livro |
| Idioma: | eslovaco |
| Assuntos: | |
| Tags: |
Sem tags, seja o primeiro a adicionar uma tag!
|
MARC
| LEADER | 00000naa a2200000 4500 | ||
|---|---|---|---|
| 001 | r032295 | ||
| 005 | 20230926072518.3 | ||
| 041 | 0 | |a slo | |
| 044 | |a SK | ||
| 245 | 1 | 0 | |a Predaj a darovanie cenných papierov a dane z príjmov a darovania |c Terézia Mäsiarová |
| 520 | |a Druhy cenných papierov. Prevod cenných papierov (kúpa alebo darovanie). Odplatný prevod cenných papierov - predaj. Daňová povinnosť súvisiaca s predajom cenných papierov. Bezodplatný prevod cenných papierov, resp. darovanie. Daňová povinnosť. Oslobodenie od dane z darovania. | ||
| 610 | 2 | 0 | |a papiere cenné |
| 610 | 2 | 0 | |a dary |
| 610 | 2 | 0 | |a kúpa |
| 610 | 2 | 0 | |a predaj |
| 610 | 2 | 0 | |a dane z príjmov |
| 610 | 2 | 0 | |a dane z darovania |
| 610 | 2 | 0 | |a povinnosť daňová |
| 610 | 2 | 0 | |a oslobodenie od daní |
| 100 | 1 | |a Mäsiarová, Terézia | |